000 01085nas a2200301 i 4500
001 516
003 ES-MaACL
005 20250828062525.0
007 t|
008 950801d1869 sp sr p 0 1 |spa d
080 _a06
245 0 0 _aBoletín-revista de la Universidad de Madrid.
260 _aMadrid :
_bUniversidad de Madrid,
_c1869- (
_fAribau)
300 _a10 v. ;
_c24 cm.
310 _aQuincenal
362 0 _aAño 1, n. 1 (10 en. 1869)-año 3, n. 6 (25 dic. 1870)
650 7 _aEducación
_2embne
_912073
650 4 _aInstituciones científicas y diversas
_913829
655 7 _2tgfbne
_9226866
_aRevistas
710 2 _aUniversidad de Madrid.
_97205
785 0 0 _tRevista de la Universidad de Madrid,
_c2ª época, t. 1, n. 1 (1 en. 1873)-2ª época, t. 7, n. 6 (marzo 1877)
852 4 _aES-MaACL
_jHEM-H-66
_dOlim: HEM-1121
_cHEM
856 _uhttps://dialnet.unirioja.es/servlet/revista?codigo=17061
_ySumarios de la revista en Dialnet
866 0 _o1869-1870.1873-1875.
942 _2udc
_cPERIODICA
999 _c516
_d516